MARC

LEADER 00000nam0a2200000 4500
001 163997
005 20231031161040.0
010 |a 577680017Х 
035 |a (RuTPU)RU\TPU\book\177913 
090 |a 163997 
100 |a 20090826d1991 m y0rusy50 ca 
101 0 |a rus 
102 |a UA 
105 |a a z 001zy 
200 1 |a Методы конечных элементов в механике деформируемых тел  |f С. Ю. Еременко 
210 |a Харьков  |c Основа  |d 1991 
215 |a 272 с.  |c ил. 
320 |a Библиогр.: с. 260-268. 
610 1 |a метод конечных элементов 
610 1 |a деформируемые тела 
610 1 |a механика 
610 1 |a численные методы 
610 1 |a аппроксимация 
610 1 |a упругость 
610 1 |a нелинейные задачи 
675 |a 539.3:51  |v 3 
700 1 |a Еременко  |b С. Ю.  |g Сергей Юрьевич 
801 1 |a RU  |b 63413507  |c 20090826 
801 2 |a RU  |b 63413507  |c 20140416  |g RCR 
942 |c BK